Statistics for Most Visited Asian Countries

Click here to take the quiz!

General Stats

  • This quiz has been taken 26 times
  • The average score is 14 of 16

Answers on the Map

Answers color-coded by a green-red scale on the quiz's map according to % correct below.
 

Answer Stats

Approximate Amount of Visitors (in millions)Answer% Correct
59.27China
100%
24.03Japan
100%
13.23South Korea
100%
14.56India
96%
32.58Thailand
96%
5.01Cambodia
92%
5.96Philippines
92%
10,01Vietnam
92%
0.75Nepal
88%
3.31Laos
84%
26.75Malaysia
84%
2.05Sri Lanka
84%
12.91Singapore
80%
0.21Bhutan
68%
0.40Mongolia
56%
0.21Brunei
48%

Score Distribution

Percentile by Number Answered

Percent of People with Each Score

Your Score History

You have not taken this quiz